Géographes du CAPES - Statistiques

Statistiques générales
  • Ce quiz a été pris 39 fois
  • Le résultat moyen est 4 sur 27
Statistiques - réponses
Indice Réponse % Correct
"Colonialisme vert" Guillaume Blanc
53%
"Espace vécu" Armand Frémont
40%
Spécialiste de l'Outre-mer Jean-Christophe Gay
33%
"Litturbanisation" Laurent Chalard / Gérard-François Dumont
33%
Définition de "habiter" Matthis Stock
33%
Invention du littoral = invention du tourisme Rémi Knafou
33%
Port comme "interface hinterland/foreland" André Vigarié
27%
"Archipel brésilien" et fronts pionniers Hervé Théry
20%
Environnement = milieu Paul Vidal de la Blache
20%
"Il n’y a pas de risque sans homme" Charles Pierre Peguy
13%
Peuplement hérité de la période coloniale Évelyne Mesclier
13%
"Géosystème" Georges Bertrand
13%
"Economie résidentielle" Laurent Davezies
13%
Hotspots de la biodiversité Normand Myers
13%
Expression "Amérique Latine" André Siegfried
7%
"Irruption environnementale" Denis Chartier
7%
"Greentrification" DP Smith
7%
"Anthropocène" Eugène Stoemer
7%
"Tiers-paysage" Gilles Clément
7%
Définition de "service écosystémique" Gretchen Daily
7%
Littoral = zone de contact hydrosphère/lithosphère/atmosphère Jean-Jacques Bavoux
7%
"Urbanisation ruraphage" Joël Ninon
7%
"Littoraux pleins" Laurent Coudrier
7%
Transition démographique + "révolution contraceptive" Maria Cosio Zavala
7%
"Géophagie" Martine Droulers
7%
"Tournant ethnique" Vincent Gouëset
7%
"Plus grande entreprise d’urbanisation de l’histoire du monde" Fernand Braudel
0%
Aucun quiz correspondant
Distribution des résultats
% des personnes avec chaque résultat
Percentile par nombre de réponses
Votre historique - résultats
Vous n’avez pas pris ce quiz